000 00484cam a2200157 4500500
005 20260405001555.0
041 _afre
042 _adc
100 1 0 _aPortevin, Catherine
_eauthor
245 0 0 _aFaber: Le destructeur
260 _c2013.
500 _a20
690 _aTristan Garcia
786 0 _nPhilosophie magazine | 72 | 9 | 2013-09-01 | p. 67-67 | 1951-1787
856 4 1 _uhttps://shs.cairn.info/magazine-philosophie-magazine-2013-9-page-67?lang=fr&redirect-ssocas=7080
999 _c2048948
_d2048948